00397 2200169 4500245003600000020001800036250001200054100001700066700002100083650001700104005001900121260003000140041001400170084000800184300002600192336000900218 aKoala KumalcRaditya DikahText a979-780-769-X aCet. 13 aRaditya Dika aWindy Ariestanty aNovel Remaja a20230607110622 aJakartabGagasMediac2015 aIndonesia a813 ax, 250 hlm. :c20 cm. atext